| 000 | 00629nam a2200217 i 4500 | ||
|---|---|---|---|
| 001 | 36978 | ||
| 003 | ES-MaACL | ||
| 005 | 20230906155459.0 | ||
| 007 | t| | ||
| 008 | 030219s1958 sp ||||1| spa d | ||
| 100 | 1 |
_aBrueckner, Christine. _932066 |
|
| 245 | 1 | 0 |
_aGabriela _b: novela / _cChristine Brückner ; [traducción del alemán por Juan E. Beusiglio]. |
| 250 | _a1ª ed. | ||
| 260 |
_aBarcelona : _bPlaneta, _c1958 ( _fPulera) |
||
| 300 |
_a343 p. ; _c19 cm. |
||
| 490 | 1 | _aGoliat | |
| 700 | 1 |
_aBenusiglio, Juan E. _927802 |
|
| 830 | 0 |
_aGoliat _9181396 |
|
| 852 |
_aES-MaACL _jC-15111 _bR.42888 |
||
| 999 |
_c36978 _d36978 |
||